000 00528nam a2200217Ia 4500
003 OSt
005 20140311163107.0
008 140130s9999 xx 000 0 und d
020 _a0590446983
050 _aQP 434
_b.C565 1999
100 _aCole, Joanna
_94006
245 _aExplores the senses /
_cJoanna Cole.
260 _bScholastic,
_a1999.
_cNew York :
300 _a35 p. :
_bcol. ill. ;
_c20 cm.
440 _v1
_931174
521 _aG2
526 _c490
942 _cBK
_2lcc
999 _c40513
_d40513